00290nam a2200097Ia 45000010005000000080041000050820027000461000034000732450061001072600024001682592241024s9999 xx 000 0 und d aRD/379.7293/r426g/2011 aRepública Dominicana.MINERD 0aGuía orientadora de inicio del año escolar 2010-2011 bSanto Domingoc2011